000 01188nam a22003737a 4500
001 0032183
003 KOHA_MİRAKIL
005 20260207002820.0
007 ta
008 110823b2010 tu a|||gr||||#0|||0|tur |
020 _a9786054322268
040 _aTR-BiSEU
_btur
_cTR-BiSEU
_erda
041 0 _atur
044 _ctu
050 _aDR738.5
_b.A98 2010
100 1 _aAyvazoğlu, Beşir.
245 1 _aDivanyolu :
_bbir caddenin hikâyesi/
_cBeşir Ayvazoğlu ; Beşir Ayvazoğlu.
264 1 _aİstanbul :
_bKapı Yayınları
_c2010
300 _a208 sayfa :
_bres.
336 _ametin
_btxt
_2rdacontent
337 _aaracısız
_bn
_2rdamedia
338 _acilt
_bnc
_2rdacarrier
490 1 _aKapı Yayınları ;
_v215.
490 1 _aBeşir Ayvazoğlu Kitaplığı ;
_v16.
500 _aDizin var.
500 _aKaynakça var.
650 0 _aStreets--Turkey--Istanbul--History.
_924197
650 0 _aDivanyolu (Istanbul, Turkey)--History.
_924198
650 0 _aIstanbul (Turkey)--Buildings, structures, etc.
_924199
830 1 _aKapı Yayınları ;
_v215.
_914431
830 1 _aBeşir Ayvazoğlu Kitaplığı ;
_v16.
_963119
907 _aTarih
942 _2lcc
_cBK
999 _c32094
_d32094